| Tag |
First Indicator |
Second Indicator |
Subfields |
| LEADER |
00000cam a22000001 4500 |
| 001 |
in00000257583 |
| 005 |
20151010053647.0 |
| 008 |
710201s1968 nmu b 00010 eng |
| 010 |
|
|
|a 68023022
|
| 035 |
|
|
|a (OCoLC)00442795
|
| 035 |
|
|
|9 ABC5301AM
|
| 037 |
|
|
|c 10.00
|
| 040 |
|
|
|a DLC
|c DLC
|d TXA
|d UtOrBLW
|
| 043 |
|
|
|a n-us-nm
|
| 049 |
|
|
|a TXAM
|c [801430]
|
| 050 |
|
0 |
|a F801
|b .L32
|
| 082 |
0 |
|
|a 320.9/78.9
|
| 100 |
1 |
|
|a Larson, Robert W.,
|d 1927-
|
| 245 |
1 |
0 |
|a New Mexico's quest for statehood, 1846-1912 /
|c [by] Robert W. Larson.
|
| 250 |
|
|
|a [1st ed.
|
| 264 |
|
1 |
|a Albuquerque] :
|b University of New Mexico Press,
|c [1968]
|
| 300 |
|
|
|a viii, 405 pages ;
|c 25 cm.
|
| 336 |
|
|
|a text
|b txt
|2 rdacontent
|
| 337 |
|
|
|a unmediated
|b n
|2 rdamedia
|
| 338 |
|
|
|a volume
|b nc
|2 rdacarrier
|
| 504 |
|
|
|a Bibliography: pages 371-384.
|
| 651 |
|
0 |
|a New Mexico
|x Politics and government
|y 1848-1950.
|
| 999 |
|
|
|a MARS
|
| 999 |
f |
f |
|s 7e2a5efc-3c91-336a-923f-546ebcbb60ac
|i 7d143cb1-5875-3046-9907-64f75bc99d1f
|t 0
|
| 952 |
f |
f |
|p normal
|a Texas A&M University
|b College Station
|c Sterling C. Evans Library
|d Evans: Library Stacks
|t 0
|e F801 .L32
|h Library of Congress classification
|i unmediated -- volume
|m A14834413240
|
| 952 |
f |
f |
|p ric
|a Texas A&M University
|b Rellis Campus
|c Joint Library Facility
|d Remote Storage
|t 0
|e F801 .L32
|h Library of Congress classification
|i unmediated -- volume
|m A14802318804
|
| 998 |
f |
f |
|a F801 .L32
|t 0
|l Evans: Library Stacks
|
| 998 |
f |
f |
|a F801 .L32
|t 0
|l Remote Storage
|